|
|
|
|
| LEADER |
00000cam a2200000 7i4500 |
| 001 |
0000028550 |
| 005 |
20091211.0 |
| 008 |
091211 |
| 020 |
|
|
|a 0385735490
|
| 090 |
0 |
0 |
|a 155.6423
|b HAN
|
| 100 |
0 |
|
|a Hantman,Clea
|
| 245 |
1 |
0 |
|a 30 days to getting the dork you use to call your boyfriend/
|c Clea Hantman
|
| 250 |
|
|
|a 1st ed
|
| 260 |
|
|
|a New York :
|b Random House,Inc ,
|c 2008
|
| 650 |
|
0 |
|a Man
|x Woman relationship
|
| 650 |
|
0 |
|a Self-help techniques
|
| 650 |
|
0 |
|a Seperation(Psychology)
|
| 650 |
|
0 |
|a Single Woman
|x Psychology
|
| 999 |
|
|
|a 0001040692
|b Book
|c Adult Collection
|e Perbadanan Perpustakaan Awam Johor
|